000
00230nam a2200097Ia 4500
001
689164
005
20250826161629.0
008
250824s9999 xx 000 0 und d
245
0
_a
15
_c
MÜREN BEYKAN
260
_b
GÜNIŞIĞI YAYINLARI
999
_c
689164
_d
689164